000
00299nam a2200133Ia 4500
008
190216s9999||||xx |||||||||||||| ||und||
100
_a
Rajput
245
0
_a
Mathematical Physics
250
_a
7th Ed.
260
_b
Pragathi Prakashan
_c
1965
300
_a
1446
650
_a
Physics
942
_c
BK
999
_c
32954
_d
32954